[Event "Petroupoli ASOP Dias Seniors op"]
[Site "Petroupoli"]
[Date "2014.03.22"]
[Round "1.15"]
[White "Maragkakis, Michail"]
[Black "Filippidis, Ioannis"]
[Result "1-0"]
[WhiteElo "1000"]
[BlackElo "1359"]
[PlyCount "109"]
[EventDate "2014.03.22"]
[EventType "swiss"]
[EventRounds "7"]
[EventCountry "GRE"]
[SourceTitle "EXT 2024"]
[Source "ChessBase"]
[SourceDate "2023.10.10"]
[SourceVersion "1"]
[SourceVersionDate "2023.10.10"]
[SourceQuality "1"]

1. e4 e6 2. d4 d5 3. Nd2 c5 4. Bb5+ Nc6 5. Ngf3 Bd7 6. exd5 exd5 7. dxc5 Qe7+ 8. Be2 Qxc5 9. Nb3 Qd6 10. Be3 b6 11. Nfd4 Nxd4 12. Nxd4 Nf6 13. 0-0 Be7 14. Bf3 Rc8 15. g3 0-0 16. a3 Qc7 17. Bf4 Bd6 18. Bxd6 Qxd6 19. Bg2 Rfe8 20. Qd3 Qc5 21. Rfd1 Bg4 22. f3 Bh5 23. Rac1 Bg6 24. Qa6 Rc7 25. Bf1 Rce7 26. Kg2 Re3 27. Qxa7 h5 28. c4 dxc4 29. Bxc4 Qe5 30. Bb5 Rd8 31. Qxb6 Rb8 32. Qc5 Qxc5 33. Rxc5 Rd8 34. Kf2 Re7 35. Nc6 Rxd1 36. Nxe7+ Kh7 37. Nxg6 Kxg6 38. Rc3 Rd6 39. a4 Rb6 40. b4 Kf5 41. Rc5+ Ke6 42. a5 Rb7 43. a6 Ra7 44. Be2 Kd6 45. Rc2 Nd7 46. b5 Rc7 47. Rxc7 Kxc7 48. Ke3 g5 49. Kd4 Kb6 50. Kd5 Nf6+ 51. Kd6 Ng8 52. Kd7 f5 53. Kc8 Ka7 54. Kc7 Ne7 55. b6+ 1-0